| 000 | 00767nam a2200241 a 4500 | ||
|---|---|---|---|
| 005 | 20240315063655.0 | ||
| 008 | 170508s1993 mx r 000 0 spa d | ||
| 020 | _a9684441533 | ||
| 035 | _aUPN01000217540 | ||
| 049 | _aCG | ||
| 050 | 4 |
_aPC4410 _bL6.2 1993 |
|
| 100 | 1 |
_aLópez Chávez, Juan _940452 |
|
| 245 | 1 | 0 |
_aComprensión y redacción del español básico : _b2 / _cJuan López Chávez, Humberto López Morales. |
| 250 | _a3a ed. | ||
| 260 |
_aMéxico : _bAlhambra Mexicana, _c1993. |
||
| 300 | _a178 p. | ||
| 650 | 4 |
_aEspañol _xEjercicios de redacción _910742 |
|
| 650 | 4 |
_aRedacción _91538 |
|
| 650 | 4 |
_aEspañol _xEstudio y enseñanza _97357 |
|
| 700 | 1 |
_aLópez Morales, Humberto, _d1936- _ecoaut. _943193 |
|
| 905 | _aLibro | ||
| 999 |
_c189640 _d189640 |
||